000 00282nam a22001217a 4500
003 OSt
005 20260116112412.0
008 260116b |||||||| |||| 00| 0 eng d
040 _cfms
100 _aQuick (J.C)
_9898179
245 _aOrganizational Behavior
942 _2CC
_cTB
_e7
_n0
999 _c1490772
_d1490772